[Event "C'Chartres Blitz op April"]
[Site "Europe Echecs INT"]
[Date "2021.04.10"]
[Round "7"]
[White "Fondrat, Johan"]
[Black "Le Neutre, Baptiste"]
[Result "1-0"]
[WhiteElo "1509"]
[BlackElo "1713"]
[PlyCount "83"]
[EventDate "2021.04.10"]
[EventType "swiss (blitz)"]
[EventRounds "11"]
[EventCountry "FRA"]
[SourceTitle "CBM 201 Extra"]
[Source "ChessBase"]
[SourceDate "2021.05.31"]
[SourceVersion "1"]
[SourceVersionDate "2021.05.31"]
[SourceQuality "1"]

1. e4 d6 2. d4 Nf6 3. Nc3 Nbd7 4. Bc4 e5 5. dxe5 dxe5 6. Nf3 Be7 7. 0-0 0-0 8. Be3 c6 9. a3 Qc7 10. b4 b5 11. Bb3 a6 12. Ne2 Bb7 13. Ng3 Rfe8 14. Nf5 Bf8 15. Ng5 c5 16. Bxf7+ Kh8 17. Bxe8 Rxe8 18. bxc5 Bxc5 19. Bxc5 Nxc5 20. f3 h6 21. Nh3 Qb6 22. Kh1 Ne6 23. Qe1 Nd4 24. Nxd4 Qxd4 25. Rd1 Qa4 26. Qc3 Rc8 27. Qb3 Qa5 28. Nf2 Rc3 29. Qf7 Bc6 30. Qf8+ Kh7 31. Rd8 Rxc2 32. Qh8+ Kg6 33. Ng4 Nxg4 34. fxg4 Rf2 35. Rd6+ Kg5 36. Qxg7+ Kf4 37. Rxf2+ Kxe4 38. Qg6+ Ke3 39. Rf1 Bxg2+ 40. Kxg2 Qxa3 41. Re1+ Kf4 42. Qf5# 1-0

[Event "C'Chartres Blitz op April"]
[Site "Europe Echecs INT"]
[Date "2021.04.10"]
[Round "4"]
[White "Pineau, Patrick"]
[Black "Le Neutre, Baptiste"]
[Result "0-1"]
[WhiteElo "1349"]
[BlackElo "1713"]
[PlyCount "96"]
[EventDate "2021.04.10"]
[EventType "swiss (blitz)"]
[EventRounds "11"]
[EventCountry "FRA"]
[SourceTitle "CBM 201 Extra"]
[Source "ChessBase"]
[SourceDate "2021.05.31"]
[SourceVersion "1"]
[SourceVersionDate "2021.05.31"]
[SourceQuality "1"]

1. e4 d6 2. Nf3 e5 3. Bb5+ c6 4. Ba4 Nf6 5. d3 Be6 6. c3 Be7 7. 0-0 0-0 8. Nbd2 b5 9. Bc2 a5 10. a3 Qb6 11. Re1 Nbd7 12. Nf1 Ng4 13. Be3 Nxe3 14. Nxe3 b4 15. axb4 axb4 16. Rxa8 Rxa8 17. cxb4 Qxb4 18. b3 Nc5 19. Nc4 Qc3 20. Nb6 Ra2 21. Re2 Bxb3 22. Bxb3 Rxe2 23. Qxe2 Qxb3 24. Nc4 Qxd3 25. Qxd3 Nxd3 26. Nfd2 d5 27. exd5 cxd5 28. Ne3 Bc5 29. Nxd5 Nxf2 30. Kf1 Nd3 31. Ne4 Bd4 32. Ne7+ Kf8 33. Nf5 g6 34. Nh6 Kg7 35. Ng4 f5 36. Ke2 fxe4 37. Nf2 Nc5 38. Ng4 h5 39. Nf2 Bxf2 40. Kxf2 Kf6 41. Ke3 Kf5 42. g3 g5 43. h3 g4 44. hxg4+ Kxg4 45. Kf2 Nd3+ 46. Ke3 Kxg3 47. Kxe4 h4 48. Kxd3 h3 0-1

[Event "Bretagne-ch U10"]
[Site "Ploermel"]
[Date "2007.02.16"]
[Round "6"]
[White "Cogan, Guillaume"]
[Black "Le Neutre, Baptiste"]
[Result "1-0"]
[WhiteElo "1470"]
[BlackElo "1400"]
[PlyCount "119"]
[EventDate "2007.02.14"]
[EventType "tourn"]
[EventRounds "6"]
[EventCountry "FRA"]
[SourceTitle "EXT 2008"]
[Source "ChessBase"]
[SourceDate "2007.11.25"]
[SourceVersion "1"]
[SourceVersionDate "2007.11.25"]
[SourceQuality "1"]

1. e4 e5 2. Nf3 Nc6 3. Nc3 Nf6 4. Bb5 Bb4 5. a3 Bxc3 6. dxc3 0-0 7. Bg5 h6 8. Bh4 d6 9. h3 a6 10. Bxc6 bxc6 11. Qd2 Re8 12. Rd1 d5 13. Bxf6 Qxf6 14. exd5 cxd5 15. Qxd5 Rd8 16. Qxa8 Rxd1+ 17. Kxd1 Qd6+ 18. Kc1 Qd8 19. Rd1 Qe8 20. Qd5 e4 21. Qd8 Kf8 22. Qxe8+ Kxe8 23. Nd2 f5 24. Re1 g5 25. g4 Kf7 26. gxf5 Bxf5 27. Nxe4 Bxh3 28. Rh1 g4 29. f3 Kg6 30. fxg4 Bxg4 31. Rg1 h5 32. Nc5 a5 33. Nb7 Kg5 34. Nxa5 h4 35. Nc4 h3 36. Ne3 h2 37. Rh1 Bd7 38. Rxh2 Kf6 39. Nd5+ Ke6 40. Nxc7+ Kd6 41. Na6 Bb5 42. b3 Bxa6 43. Rh6+ Kc7 44. Rxa6 Kb7 45. Rh6 Kc7 46. Kd2 Kb7 47. Kd3 Kc7 48. Kd4 Kd7 49. Ke5 Kc7 50. Kd5 Kb7 51. Kc5 Ka7 52. Kb5 Kb7 53. Rh7+ Kc8 54. Kc6 Kd8 55. Ra7 Ke8 56. Kd6 Kf8 57. Ke6 Kg8 58. Kf6 Kh8 59. Kg6 Kg8 60. Ra8# 1-0

[Event "Bretagne-ch U10"]
[Site "Ploermel"]
[Date "2007.02.15"]
[Round "4"]
[White "Aubry, Yannis"]
[Black "Le Neutre, Baptiste"]
[Result "1-0"]
[WhiteElo "1540"]
[BlackElo "1400"]
[PlyCount "107"]
[EventDate "2007.02.14"]
[EventType "tourn"]
[EventRounds "6"]
[EventCountry "FRA"]
[SourceTitle "EXT 2008"]
[Source "ChessBase"]
[SourceDate "2007.11.25"]
[SourceVersion "1"]
[SourceVersionDate "2007.11.25"]
[SourceQuality "1"]

1. e4 e5 2. Nf3 Nc6 3. Bc4 Bc5 4. d3 h6 5. Nc3 Nf6 6. Be3 Bxe3 7. fxe3 d6 8. 0-0 Bg4 9. a3 0-0 10. Nd5 Nxd5 11. exd5 Ne7 12. e4 c6 13. dxc6 bxc6 14. Qe2 d5 15. Bb3 Ng6 16. exd5 cxd5 17. Qe3 Re8 18. Rae1 Bxf3 19. Qxf3 Qb6+ 20. Kh1 Qe6 21. Bxd5 Qd7 22. Qxf7+ Qxf7 23. Bxf7+ Kh7 24. Bxe8 Rxe8 25. d4 e4 26. Rf2 e3 27. Rfe2 Rd8 28. c3 Rb8 29. d5 Nf4 30. Rxe3 Nxd5 31. Rd3 Nf4 32. Rd4 Rf8 33. g3 Ng6 34. Ra4 Rf7 35. b4 Rc7 36. Rc1 Ne5 37. b5 Nd3 38. Rc2 Nc5 39. Rc4 g5 40. Re2 h5 41. Re5 Nd3 42. Rxc7+ Kg6 43. Rd5 Nf2+ 44. Kg2 Ne4 45. Kf3 Nf6 46. Rd6 g4+ 47. Kf4 a5 48. a4 h4 49. Rcc6 hxg3 50. Rxf6+ Kg7 51. hxg3 Kh7 52. Rc7+ Kg8 53. Kxg4 Kh8 54. Rf8# 1-0